Statistics for Målskårere i Ham-Kam (2010-2019)

Click here to take the quiz!

General Stats

  • This quiz has been taken 65 times
  • The average score is 30 of 74

Answer Stats

SpillerSesongAntall mål% Correct
Thomas Lehne Olsen2010-201247
87%
John Anders Rise2010-2012, 2015-201715
85%
Markus Solbakken20191
85%
Tore Andreas Gundersen2011-201430
84%
Oddbjørn Lie20132
82%
Truls Jevne Hagen2010, 2013, 2016-20186
82%
Emil Dahle2010-2013, 201625
80%
Emil Sildnes2010, 2012-2013, 20197
76%
Pål Alexander Kirkevold2010-201122
76%
Simen Bolkan Nordli2016-201924
71%
Rubén Alegre2017-20193
69%
Petter Vaagan Moen2017-20188
64%
Ivar Sollie Rønning2016-201845
62%
Kristian Lønstad Onsrud2018-201915
60%
Ole Erik Midtskogen2016-201911
60%
Jonas Enkerud20194
58%
Jo Nymo Matland20193
56%
Markus Naglestad20179
56%
Vegar Bjerke2011-20127
56%
Bajram Ajeti201515
55%
Håkon Aalmen2010-20134
55%
Steffen Skogvang Pedersen20191
55%
Edmir Asani2010-2011, 20136
51%
Fredrik Sjølstad2013-20158
51%
Ivar Rønningen20101
51%
Kristoffer Hagen2010-2012, 2015-20167
47%
Tanoh Franck Boris Semou20164
47%
Jean Alassane Mendy20192
45%
Kevin Beugré201710
45%
Pål Ekeberg Schjerve2010-20115
45%
Valentin Blaka2015-201615
44%
Ørjan Børmark-By20145
42%
Niklas Tilley Solhaug2010-20118
40%
Lars Erik Bredvold2010-201115
38%
Christer Jensen20123
36%
Jacob Egeris20172
36%
Saihou Jagne201613
36%
Abubakar Ibrahim2018-20196
35%
Anders Emil Nedrebø2012-20139
35%
Aziz Idris2013-201515
35%
Daniel Bekkevold20131
35%
Kristian Eriksen20141
35%
Christian Wirstad20141
33%
Marius Holt20151
33%
Tobasegnou François Yabré2016-20173
33%
Viktor Adebahr20138
33%
Juan Manuel Cordero20171
27%
Marius Hagen20161
25%
Håvard Kleven20101
24%
Magnus Sylling Olsen20142
24%
Aron Dønnum20181
22%
Christopher Tangeni Nangolo Mbamba2015-20163
20%
Erik Tønne20134
20%
Lars Brotangen20182
20%
Mikkel Gran Frankmo20161
20%
Ole Amund Sveen20133
20%
Ørjan Berg Hansen20122
20%
Tobias Gunnar Ødegård2015-20163
20%
Håvard Dalseth20171
18%
Kwaku Osei Oviasu20152
18%
Mustafa Hassan20143
18%
Pekka Lagerblom20141
18%
Marius Bratberg Lund2016-20172
16%
Rytis Leliūga2015-20165
16%
Vetle Ingelstad20141
16%
Yonas Tekle20151
16%
Adnan Haidar20151
15%
Andreas Hollingen20142
15%
Henrik Lehne Olsen20151
15%
Benjamin Gleditsch20191
13%
Olav Sveen20102
13%
Tobias Gran20182
13%
Thobias Arnold Ndungu Ruge Post20161
4%
Isoken Guobadia20141
2%

Score Distribution

Percentile by Number Answered

Percent of People with Each Score

Your Score History

You have not taken this quiz